Quizzes
Events
Quiz Creation
Community
Videos
Private Events
Remove Ads
Sign In
Join for FREE
Feedback
Dark Mode
Quiz Categories
Sports
Geography
Music
Movies
Television
Just For Fun
Miscellaneous
History
Literature
Language
Science
Gaming
Entertainment
Religion
Holiday
For Kids
Quiz Lab
Recent
Popular Today
Quiz Kudos Today
Editor Picks
Curator Picks
Quizzes by...
Day
Popularity
Type
Ratings
Length
Year
Community
Subscriptions
Recent Discussions
Orange Saloon
Badges
Playlists
Quests
Create
Leaderboards
Showdown
Live 5
Trivia Bingo
Activity
Puzzle Library
Sporcle Events
Private Events
Virtual Trivia
Globe League
Become a Host
Pub Owners
SporcleCon
Opinionation
Our Games
Videos
Blog
Mobile Apps
Partnerships
Remove Ads and Go Orange
Feedback
Movies
Disney
Marvel Cinematic Universe
Movie Resume
Movie Titles
Oscar
Actor
Actress
Director
Pixar
Role
Movie Quotes
Movie Characters
Box Office
Nominee
Best Picture
Star Wars
James Bond
Horror Movies
Movies
Disney
Marvel Cinematic Universe
Movie Resume
Movie Titles
Oscar
Actor
Actress
Director
Pixar
Role
Movie Quotes
Movie Characters
Box Office
Nominee
Best Picture
Star Wars
James Bond
Horror Movies
Random Quiz
Search Sporcle
×
Quiz Lab
Quiz Lab
Movies
Disney
Type in answers that appear in a list
Type in answers that appear in a list
Classic
Best Score? Go Orange.
Disney Villain Lyrics 1 Part 2 Stats
Can you name the Disney Villain Lyrics 1 Part 2?
By
aspergerguy
10m
117 Questions
250 Plays
250 Plays
250 Plays
Comments
Comments
Give Quiz Kudos
Give Quiz Kudos
-
- Ratings
hide this ad
Replay
Link that replays current quiz
Next Quiz
Link to next quiz in quiz playlist
You Got
0%
They Got
Avg Score
49%
Avg Friend Score
Upgrade to see
Score Distribution
Jump to the score distribution portion of the page
Score
0/117
Timer
10:00
0
Plays Today
Lyrics
% Correct
the
89.6%
the
89.6%
a
89.6%
the
89.6%
and
89.6%
the
89.6%
the
89.6%
a
89.6%
the
89.6%
the
89.6%
the
89.6%
and
89.6%
the
89.6%
and
89.6%
and
89.6%
you
79.2%
be
78.8%
be
78.8%
be
78.8%
be
78.8%
Be
78.8%
be
78.8%
is
68.8%
is
68.8%
is
68.8%
me
66.8%
to
62%
for
59.6%
on
59.6%
for
59.6%
for
59.6%
of
59.2%
of
59.2%
of
59.2%
so
57.2%
my
56.8%
that
55.6%
that
55.6%
I
53.2%
Lyrics
% Correct
I
53.2%
are
53.2%
are
53.2%
prepare
52%
It's
50.8%
am
50.8%
you're
49.2%
I'm
49.2%
prepared
49.2%
why
49.2%
prepared
49.2%
prepared
49.2%
I'll
48.4%
king
48%
king
48%
king
48%
king
48%
with
47.6%
with
47.6%
our
44.8%
won't
42.8%
yes
42%
yes
42%
all
40.8%
get
39.6%
time
39.2%
century
38.8%
teeth
38.8%
teeth
38.8%
seen
38%
bared
38%
bared
38%
wonder
37.6%
without
37.2%
ambitions
36.4%
ambitions
36.4%
we'll
35.6%
must
34.8%
sniff
34.8%
Lyrics
% Correct
coup
34.4%
live
34%
live
34%
course
33.6%
respected
33.6%
take
33.2%
saluted
33.2%
Long
32.4%
Long
32.4%
duties
32.4%
soon
32%
expected
32%
certain
32%
future
32%
point
32%
adored
31.6%
quo
31.6%
littered
31.6%
though
31.6%
undisputed
31.6%
great
31.2%
pro
30.8%
murkiest
30.8%
board
30.4%
prizes
30.4%
emphasize
30.4%
simply
30.4%
who'll
30%
scam
29.6%
denial
29.2%
connected
28.8%
quid
28.8%
planning
28.4%
meticulous
27.6%
main
26.4%
tenacity
26.4%
spanning
26.4%
addressee
24.8%
decades
24.8%
Quiz Playlist
Details
Report
Send in Message
Add To Playlist
Classic:
Type in answers that appear in a list
Last Updated: Feb 16, 2017
Quiz Scoreboard
CHALLENGE
Sign Up to Join the Scoreboard
Show All
Scores
Hide
Comments
May contain spoilers
Recently Published
Click the 1999 NBA Draft
by nibperrychub
Sports
2m
Alphabetical 'K' Countries by Flag Minefield
by ylime102
Geography
3m
Pick 6: Fruits
by JohnFran
Miscellaneous
15s
More to Explore
Quiz From the Vault
Featured Blog Post
15 Basketball Trivia Facts You Can Be March Mad About
hide this ad
You Might Also Like...
Tags
Disney Quiz
Villains
Today's Top Quizzes in Movies
Browse Movies
hide this ad
Today's Top Quizzes in Disney
Browse Disney
Top Contributed Quizzes in Movies
1
Pick 6: Harry Potter
2
Pick 6: Movie Franchises
3
Pick 6: Actors
4
Pick 6: Actresses
5
Pick 6: Disney Princesses
6
Match The President To The Fictional Crisis
7
Movies of the Seasons
8
Seasonal Films
9
Harry Potter Logic Puzzle
10
Springtime Movie Scenes (Quiz 2 of 2)
Explore More
Trending Topics
NBA
Crossword
Disney
Harry Potter
Anime
Marvel
Kpop
Country
The Office
Puzzle
Pokémon
Soccer
Song
NFL
WWE
hide this ad
More By:
aspergerguy
Quiz
Plays
Rating
Category
Featured
Created
Total Drama World Tour Secrets
2,770
1.80
Television
Aug 22, 2010
Total Drama Trivia
1,198
Entertainment
Jun 15, 2010
Can you name the EVIL Disney lyrics?
1,099
1.75
Movies
Sep 12, 2010
Disney Villains by Good Guy
994
2.18
Movies
Dec 22, 2010
5th Generation Pokemon
483
2.00
Gaming
Nov 21, 2010
Go to Creator's Profile
Score Distribution
Quiz Creator Spotlight
aspergerguy
Follow
Send a Message
Quizzes Created
-
Created Quiz Play Count
-
More By This Creator
Popular Quizzes Today
1
Countries of Asia Without Outlines Minefield
2
Find the US States - No Outlines Minefield
3
Pick 6: Fruits
4
Alphabetical 'K' Countries by Flag Minefield
5
The Countries of the World
6
Find the Countries of Europe - No Outlines Minefield
7
Find the US States
8
US States
More Movies Quizzes
Actors 10-to-1 Movies - Part 47 - Game of Thrones Cast
Quiz Lab
Trending Quizzes
Pick 6: Mountains
Pick 6: Harry Potter
Pick 6: Flags
Pick 6: NFL Teams
Pick 6: Movie Franchises
Recently Updated
NWSL Teams
pecheneg
Women's Final Four Teams by Year
bhenderson79
Presidents Quartet II
eogle
Anything But Clue(do)
eogle
Anything But Oceanian Capitals
eogle
Anything But 7
eogle
Anything But Thing
eogle
Word Ladder: February 29
pecheneg
Song Title Questions
pecheneg
Women's NCAA Tournament #1 Seeds
pecheneg
Trending Topics
Crossword
Disney
Marvel
NBA
Anime
Harry Potter
Kpop
Country
Puzzle
The Office
WWE
Pokémon
Song
Soccer
NFL
Your Account Isn't Verified!
In order to create a playlist on Sporcle, you need to verify the email address you used during registration. Go to your
Sporcle Settings
to finish the process.
Report this User
Report this user for behavior that violates our
Community Guidelines
.
Details:
Send Report
Go to the Sporcle.com Mobile Site →
Comments